Sobre el tema del concurso para el año de 1791 propuesto por la Academia Real de Ciencias de Berlín : (Registro nro. 525)

Detalles MARC
000 -Cabecera
Campo de control interno 00623nam a2200181Ia 4500
005 - Fecha y hora del registro
control field 20260306140524.0
008 - Elementos de Longitud Fija
fixed length control field 260306t2002||||xx |||||||||||||| ||spa||
041 ## - Idioma
Codigo Idioma ESP
082 ## - DEWEY y NOTACIÓN INTERNA
Dewey 123.1
Notación Interna K21
100 ## - AUTOR
Autor denominación Kant, Immanuel, 1724-1804
Término de relación autor
245 #0 - TÍTULO DE MATERIAL BIBLIOGRÁFICO
Título Sobre el tema del concurso para el año de 1791 propuesto por la Academia Real de Ciencias de Berlín :
Título paralelo ¿Cuáles son los efectivos progresos que la metafísica ha hecho en Alemania desde los tiempos de Leibniz y Wolff?
260 ## - CIUDAD, EDITORIAL, AÑO
Año 2002
300 ## - DESCRIPCIÓN
N° Páginas ccxxx, 193 páginas :
Dimensiones 18 cm
650 ## - TEMAS
Temas Generalidades
654 ## - PROGRAMAS
Programa Dpto. de Humanidades
942 ## - ELEMENTOS DE KOHA
Tipo de documento Libro
Nombre del creador Justo Noguera
Código de catalogador Justo Noguera
Esquema de clasificación Dewey Decimal Classification
Suppress in OPAC
Existencias
Codigo completo Registro Colección Copia número Disponibilidad Tipo de préstamo Biblioteca Actual Procedencia (Biblioteca) Ubicacón Fecha Ingreso Tipo de Adquisición Date last seen Total checkouts Price effective from Tipo de Item Estado del Material Fuente de Clasificación Damaged status Withdrawn status
123.1 K21 U0018679 Universidad Católica San Pablo 1 Disponible Disponible Víctor Andrés Belaunde Víctor Andrés Belaunde Planta baja abierta 03/06/2026 Compra 06/03/2026   06/03/2026 Libro Bueno Dewey Decimal Classification